[Event "Leuven op 34th"]
[Site "Leuven"]
[Date "2023.11.12"]
[Round "7"]
[White "Dauw, Sterre"]
[Black "Wahlund, Max"]
[Result "1-0"]
[WhiteElo "2258"]
[BlackElo "2079"]
[PlyCount "73"]
[EventDate "2023.11.09"]
[EventType "swiss"]
[EventRounds "7"]
[EventCountry "BEL"]
[SourceTitle "CB46_2023"]
[SourceDate "2023.11.15"]
[SourceVersion "1"]
[SourceVersionDate "2023.11.15"]
[SourceQuality "1"]

1. e4 e5 2. Nf3 Nc6 3. Bb5 a6 4. Ba4 Nf6 5. d3 d6 6. c3 Be7 7. 0-0 0-0 8. Re1 Re8 9. Nbd2 Bf8 10. b4 b5 11. Bc2 d5 12. a4 Bb7 13. Bb3 h6 14. exd5 Nxd5 15. Ne4 Kh8 16. Nfg5 Qd7 17. Qf3 Nd8 18. Qh5 f6 19. Nf3 Ne6 20. g3 c5 21. axb5 axb5 22. Rxa8 Rxa8 23. bxc5 Nxc5 24. Nxc5 Bxc5 25. d4 exd4 26. cxd4 Bb4 27. Rf1 Nc3 28. Nh4 Qe8 29. Qxe8+ Rxe8 30. h3 Ne2+ 31. Kh2 Nxd4 32. Bf7 Rd8 33. Ng6+ Kh7 34. g4 Nf3+ 35. Kg3 Rd3 36. Nf4 Bd6 37. Bg6+ 1-0

[Event "Brasschaat op"]
[Site "Brasschaat"]
[Date "2023.08.27"]
[Round "9"]
[White "Muetsch, Annmarie"]
[Black "Dauw, Sterre"]
[Result "1-0"]
[WhiteElo "2203"]
[BlackElo "2148"]
[PlyCount "81"]
[EventDate "2023.08.18"]
[EventType "swiss"]
[EventRounds "9"]
[EventCountry "BEL"]
[SourceTitle "EXT 2024"]
[Source "ChessBase"]
[SourceDate "2023.10.10"]
[SourceVersion "1"]
[SourceVersionDate "2023.10.10"]
[SourceQuality "1"]

1. d4 Nf6 2. c4 e6 3. g3 d5 4. Nf3 Bb4+ 5. Nbd2 0-0 6. Bg2 b6 7. 0-0 Bb7 8. a3 Be7 9. cxd5 exd5 10. b4 Nbd7 11. Ne5 Nxe5 12. dxe5 Nd7 13. Bb2 c5 14. Nc4 cxb4 15. axb4 Bxb4 16. Ne3 a5 17. Nxd5 Nc5 18. e4 Ba6 19. Qg4 Bxf1 20. Bxf1 Ne6 21. f4 Kh8 22. Kh1 Rc8 23. Rd1 Qe8 24. f5 Rc2 25. Ba1 Rd2 26. fxe6 fxe6 27. Nf4 Qc6 28. Bd3 Rd8 29. Rxd2 Bxd2 30. Nxe6 Rg8 31. Bd4 a4 32. Qf5 Qd7 33. Bc4 a3 34. Bxb6 Bc3 35. Bd5 Rb8 36. Bc5 a2 37. Bxa2 Qd1+ 38. Bg1 Qd7 39. Bd5 h6 40. Bc5 Bb4 41. Bxb4 1-0

[Event "Brasschaat op"]
[Site "Brasschaat"]
[Date "2023.08.25"]
[Round "7"]
[White "Dauw, Sterre"]
[Black "Tomov, Georgi"]
[Result "1-0"]
[WhiteElo "2148"]
[BlackElo "2274"]
[PlyCount "91"]
[EventDate "2023.08.18"]
[EventType "swiss"]
[EventRounds "9"]
[EventCountry "BEL"]
[SourceTitle "EXT 2024"]
[Source "ChessBase"]
[SourceDate "2023.10.10"]
[SourceVersion "1"]
[SourceVersionDate "2023.10.10"]
[SourceQuality "1"]

1. e4 e5 2. Nf3 Nf6 3. d4 Nxe4 4. dxe5 d5 5. Nbd2 Nxd2 6. Qxd2 c5 7. b3 Be7 8. Bb2 Be6 9. 0-0-0 Nc6 10. Qf4 g5 11. Qe3 d4 12. Qe1 Qc7 13. h4 gxh4 14. Nxh4 Qxe5 15. Qxe5 Nxe5 16. Re1 Ng4 17. Bb5+ Kf8 18. Ng6+ fxg6 19. Rxe6 Bg5+ 20. Kb1 Kg7 21. f3 Ne3 22. c3 Rad8 23. Re5 Bf6 24. Rxc5 Rc8 25. cxd4 Rxc5 26. dxc5 Bxb2 27. Kxb2 Rc8 28. Re1 Rxc5 29. Rxe3 Rxb5 30. Re7+ Kg8 31. a4 Rb6 32. Ka3 h5 33. b4 a6 34. Kb3 h4 35. Re4 g5 36. Rg4 Rg6 37. f4 Kf7 38. fxg5 Ke6 39. Kc4 b6 40. Rxh4 b5+ 41. axb5 axb5+ 42. Kxb5 Rxg5+ 43. Kc6 Rxg2 44. Re4+ Kf5 45. Re1 Rg6+ 46. Kc5 1-0

[Event "Brasschaat op"]
[Site "Brasschaat"]
[Date "2023.08.19"]
[Round "1"]
[White "Dauw, Sterre"]
[Black "Van De Laar, Andre"]
[Result "1-0"]
[WhiteElo "2148"]
[BlackElo "1699"]
[PlyCount "61"]
[EventDate "2023.08.18"]
[EventType "swiss"]
[EventRounds "9"]
[EventCountry "BEL"]
[SourceTitle "EXT 2024"]
[Source "ChessBase"]
[SourceDate "2023.10.10"]
[SourceVersion "1"]
[SourceVersionDate "2023.10.10"]
[SourceQuality "1"]

1. e4 d6 2. d4 Nf6 3. Nc3 g6 4. h4 h5 5. Bc4 Bg7 6. Nh3 Bxh3 7. Rxh3 c6 8. f3 Nbd7 9. Be3 Qc7 10. Qd2 b5 11. Bb3 a5 12. a4 b4 13. Ne2 c5 14. c4 cxd4 15. Nxd4 Nc5 16. Bc2 Nfd7 17. b3 Ne6 18. Nxe6 fxe6 19. 0-0-0 Nc5 20. Rg3 Bc3 21. Qe2 Rg8 22. Kb1 Be5 23. f4 Bf6 24. e5 Bxh4 25. exd6 exd6 26. Bxc5 0-0-0 27. Qxe6+ Qd7 28. Qxd7+ Rxd7 29. Rxg6 Rxg6 30. Bxg6 dxc5 31. Bf5 1-0

[Event "Charleroi op"]
[Site "Roux"]
[Date "2023.08.02"]
[Round "6"]
[White "Hoffmann, Michael"]
[Black "Dauw, Sterre"]
[Result "1-0"]
[WhiteElo "2413"]
[BlackElo "2215"]
[PlyCount "73"]
[EventDate "2023.07.29"]
[EventType "swiss"]
[EventRounds "9"]
[EventCountry "BEL"]
[SourceTitle "CBM 215 Extra"]
[Source "ChessBase"]
[SourceDate "2023.09.30"]
[SourceVersion "1"]
[SourceVersionDate "2023.09.30"]
[SourceQuality "1"]

1. e4 c5 2. Nf3 Nc6 3. d4 cxd4 4. Nxd4 Nf6 5. Nc3 e5 6. Ndb5 d6 7. Nd5 Nxd5 8. exd5 Nb8 9. a4 Be7 10. b4 0-0 11. a5 a6 12. Na3 Nd7 13. Be2 f5 14. 0-0 e4 15. Nc4 f4 16. Bg4 Qc7 17. Be6+ Kh8 18. Qe2 f3 19. Qxe4 Nf6 20. Qd4 Bxe6 21. dxe6 d5 22. Ne5 fxg2 23. Re1 Qxc2 24. Bb2 Qf5 25. Nf7+ Kg8 26. Re5 Qg4 27. Qxg4 Nxg4 28. Rxd5 Nf6 29. Bxf6 Bxf6 30. Re1 Rfe8 31. Nd6 Re7 32. Nf5 Ree8 33. Rd7 Rad8 34. Rxb7 Rd5 35. Ng3 Bd4 36. Kxg2 Rd6 37. Nf5 1-0

[Event "Charleroi op"]
[Site "Roux"]
[Date "2023.08.01"]
[Round "5"]
[White "Govoreanu, Matei"]
[Black "Dauw, Sterre"]
[Result "0-1"]
[WhiteElo "1900"]
[BlackElo "2215"]
[PlyCount "80"]
[EventDate "2023.07.29"]
[EventType "swiss"]
[EventRounds "9"]
[EventCountry "BEL"]
[SourceTitle "CBM 215 Extra"]
[Source "ChessBase"]
[SourceDate "2023.09.30"]
[SourceVersion "1"]
[SourceVersionDate "2023.09.30"]
[SourceQuality "1"]

1. e4 c5 2. Nf3 Nc6 3. d4 cxd4 4. Nxd4 Nf6 5. Nc3 e5 6. Ndb5 d6 7. Nd5 Nxd5 8. exd5 Nb8 9. a4 Be7 10. Be2 0-0 11. 0-0 Nd7 12. Bd2 Nc5 13. f3 e4 14. b4 exf3 15. Bxf3 Nxa4 16. c4 Nb6 17. Qc2 Bd7 18. Nd4 Rc8 19. Be2 Bf6 20. Be3 Nxd5 21. Bf2 Re8 22. Rxa7 Ne3 23. Bxe3 Rxe3 24. Nf5 Rxe2 25. Qxe2 Bxf5 26. Rxb7 Be6 27. Rc1 Bd4+ 28. Kh1 Qg5 29. Rd1 Be5 30. Qf1 Qh4 31. Qg1 Qxc4 32. Re1 h5 33. Qf2 Bd5 34. Re7 Qxb4 35. Rf1 Qc4 36. Re1 Qd3 37. Qf1 Qxf1+ 38. Rxf1 Rc2 39. Rd1 Bxg2+ 40. Kg1 Bxh2+ 0-1

[Event "Ghent op 44th"]
[Site "Ghent"]
[Date "2023.07.17"]
[Round "7"]
[White "Dauw, Sterre"]
[Black "Van der Stricht, Geert"]
[Result "0-1"]
[WhiteElo "2244"]
[BlackElo "2329"]
[PlyCount "192"]
[EventDate "2023.07.11"]
[EventType "swiss"]
[EventRounds "9"]
[EventCountry "BEL"]
[SourceTitle "EXT 2024"]
[Source "ChessBase"]
[SourceDate "2023.10.10"]
[SourceVersion "1"]
[SourceVersionDate "2023.10.10"]
[SourceQuality "1"]

1. e4 c5 2. Nf3 d6 3. d4 cxd4 4. Nxd4 Nf6 5. Nc3 a6 6. h3 e5 7. Nde2 h5 8. g3 Be7 9. Bg2 b5 10. 0-0 Nbd7 11. Bg5 Bb7 12. b4 0-0 13. a4 bxa4 14. Rxa4 a5 15. b5 Nc5 16. Bxf6 Nxa4 17. Bxe7 Nxc3 18. Bxd8 Nxd1 19. Bc7 Nb2 20. Nc3 a4 21. Ra1 Rfc8 22. b6 Nc4 23. Nb5 Ra5 24. Bf1 Rxb5 25. Bxc4 Rxb6 26. Bxf7+ Kxf7 27. Bxb6 Ra8 28. f3 a3 29. c4 a2 30. c5 d5 31. exd5 Bxd5 32. Bc7 Ke6 33. f4 exf4 34. gxf4 Be4 35. Kf2 Bb1 36. Be5 g5 37. c6 Kf5 38. c7 gxf4 39. Bd6 Rg8 40. Be7 Ra8 41. Bd6 Rc8 42. Kf3 Be4+ 43. Kf2 Bb1 44. Kf3 Ra8 45. Bxf4 Ra3+ 46. Kf2 Rc3 47. Bd6 h4 48. Kg2 Ke4 49. Kf2 Rc2+ 50. Kg1 Kf3 51. Be5 Rc5 52. Bd6 Rc6 53. Be5 Rc5 54. Bd6 Rc1+ 55. Kh2 Rc2+ 56. Kg1 Rg2+ 57. Kh1 Rg8 58. Kh2 Rc8 59. Kg1 Re8 60. Be5 Rg8+ 61. Kh2 Ke4 62. Bd6 Kd5 63. Bf4 Kc4 64. Bg5 Rc8 65. Bf4 Kb3 66. Kg2 Be4+ 67. Kf2 Bf5 68. Be5 Re8 69. Bd4 Re4 70. Bg7 Bxh3 71. Rc1 Rc4 72. Rh1 Bf5 73. Bf6 h3 74. Be5 Bc8 75. Kg3 Rg4+ 76. Kf3 Rc4 77. Ke3 Rc2 78. Kf4 Rc4+ 79. Ke3 Rc5 80. Kf4 Rc2 81. Kg3 Re2 82. Bd4 Kc4 83. Ba1 Rg2+ 84. Kf3 Rc2 85. Kg3 Kb5 86. Be5 Rc5 87. Kf4 Rc4+ 88. Kg3 Re4 89. Ba1 Ka4 90. Bf6 Re6 91. Bd4 Rd6 92. Be5 Rb6 93. Rd1 Rb3+ 94. Kh2 Re3 95. Rd8 Re2+ 96. Kg1 Rxe5 0-1

[Event "Ghent op 44th"]
[Site "Ghent"]
[Date "2023.07.15"]
[Round "5"]
[White "Dauw, Sterre"]
[Black "Grooten, Herman"]
[Result "0-1"]
[WhiteElo "2244"]
[BlackElo "2241"]
[PlyCount "102"]
[EventDate "2023.07.11"]
[EventType "swiss"]
[EventRounds "9"]
[EventCountry "BEL"]
[SourceTitle "EXT 2024"]
[Source "ChessBase"]
[SourceDate "2023.10.10"]
[SourceVersion "1"]
[SourceVersionDate "2023.10.10"]
[SourceQuality "1"]

1. e4 c6 2. d4 d5 3. Nc3 dxe4 4. Nxe4 Bf5 5. Qf3 e6 6. Ne2 Nf6 7. Nxf6+ gxf6 8. Qb3 Qb6 9. Qxb6 axb6 10. c3 b5 11. h4 Nd7 12. Ng3 Bc2 13. Bd2 Bb3 14. Bd3 Rxa2 15. 0-0 Ra4 16. c4 Bd6 17. Ne4 Ke7 18. Nxd6 Kxd6 19. Bf4+ Ke7 20. Rxa4 bxa4 21. c5 b5 22. Bd6+ Kd8 23. Be4 Bd5 24. Bxd5 exd5 25. Re1 Rg8 26. f4 f5 27. Re7 Rg7 28. Kh2 h5 29. Re1 Rg6 30. Re7 Rf6 31. Kg3 b4 32. Re1 Re6 33. Ra1 a3 34. Kf2 Nf6 35. bxa3 Ne4+ 36. Kg1 b3 37. Rb1 Nd2 38. Rb2 Re2 39. Kh1 Kc8 40. a4 Kb7 41. Be5 Ka6 42. Bc7 Re1+ 43. Kh2 Nf1+ 44. Kg1 Ne3+ 45. Kf2 Nd1+ 46. Kxe1 Nxb2 47. a5 Nc4 48. Kd1 Nxa5 49. Kd2 Nc4+ 50. Kc3 b2 51. Kc2 Kb5 0-1

[Event "Wachtebeke"]
[Site "Wachtebeke"]
[Date "2023.02.23"]
[Round "9"]
[White "Dauw, Sterre"]
[Black "De Waele, Warre"]
[Result "0-1"]
[WhiteElo "2265"]
[BlackElo "2304"]
[PlyCount "58"]
[EventDate "2023.02.18"]
[EventType "tourn"]
[EventRounds "9"]
[EventCountry "BEL"]
[EventCategory "4"]
[SourceTitle "CBM 212 Extra"]
[Source "ChessBase"]
[SourceDate "2023.03.31"]
[SourceVersion "1"]
[SourceVersionDate "2023.03.31"]
[SourceQuality "1"]

1. e4 e5 2. Nf3 Nc6 3. Bc4 Bc5 4. c3 Nf6 5. d3 d6 6. a4 a5 7. Na3 0-0 8. Nc2 Be6 9. Qe2 d5 10. Ba2 Re8 11. Bg5 Be7 12. 0-0 Qd6 13. Rfd1 h6 14. Bh4 Nh5 15. Ne3 Nf4 16. Qf1 Bxh4 17. Nxh4 d4 18. Nef5 Qd8 19. g3 Bxa2 20. gxf4 Bb3 21. Qg2 Qf6 22. fxe5 Nxe5 23. cxd4 Ng6 24. Nf3 Bxd1 25. Rxd1 Nf4 26. Qg4 Qg6 27. Ne3 Qxg4+ 28. Nxg4 Rad8 29. Kh1 Ne6 0-1

[Event "Wachtebeke"]
[Site "Wachtebeke"]
[Date "2023.02.22"]
[Round "7"]
[White "Dauw, Sterre"]
[Black "Dgebuadze, Alexandre"]
[Result "1/2-1/2"]
[WhiteElo "2265"]
[BlackElo "2419"]
[PlyCount "79"]
[EventDate "2023.02.18"]
[EventType "tourn"]
[EventRounds "9"]
[EventCountry "BEL"]
[EventCategory "4"]
[SourceTitle "CBM 212 Extra"]
[Source "ChessBase"]
[SourceDate "2023.03.31"]
[SourceVersion "1"]
[SourceVersionDate "2023.03.31"]
[SourceQuality "1"]

1. e4 e6 2. d4 d5 3. e5 c5 4. c3 Nc6 5. Nf3 Nge7 6. Na3 cxd4 7. cxd4 Nf5 8. Nc2 Be7 9. Bd3 Bd7 10. 0-0 h5 11. Re1 g5 12. b4 g4 13. b5 Nb4 14. Bxf5 gxf3 15. Ba3 Nxc2 16. Bxe7 Qxe7 17. Bxc2 fxg2 18. Qd3 Rc8 19. Rac1 Qb4 20. Bb3 Rxc1 21. Rxc1 Bxb5 22. Qf3 Bc6 23. Qc3 Qxc3 24. Rxc3 Rg8 25. Bd1 h4 26. Rh3 Bb5 27. Rxh4 Bf1 28. Rh3 Ke7 29. Rc3 Kd7 30. h4 Rc8 31. Rxc8 Kxc8 32. h5 Kd8 33. h6 Bd3 34. Kxg2 Ke7 35. Kg3 a5 36. Be2 Bb1 37. a4 f6 38. Kf4 Kf7 39. Bh5+ Ke7 40. Be2 1/2-1/2

[Event "Wachtebeke"]
[Site "Wachtebeke"]
[Date "2023.02.18"]
[Round "1"]
[White "Milliet, Sophie"]
[Black "Dauw, Sterre"]
[Result "1/2-1/2"]
[WhiteElo "2376"]
[BlackElo "2265"]
[PlyCount "82"]
[EventDate "2023.02.18"]
[EventType "tourn"]
[EventRounds "9"]
[EventCountry "BEL"]
[EventCategory "4"]
[SourceTitle "CBM 212 Extra"]
[Source "ChessBase"]
[SourceDate "2023.03.31"]
[SourceVersion "1"]
[SourceVersionDate "2023.03.31"]
[SourceQuality "1"]

1. e4 c5 2. Nc3 Nc6 3. Bb5 g6 4. Bxc6 dxc6 5. d3 Bg7 6. Be3 b6 7. Qd2 h6 8. Nge2 Nf6 9. h3 e5 10. 0-0-0 Nd7 11. Kb1 Nf8 12. g3 Ne6 13. f4 Nd4 14. Rdf1 exf4 15. gxf4 Be6 16. Ng3 Qc7 17. Qg2 0-0-0 18. f5 Bd7 19. f6 Bf8 20. Nge2 Ne6 21. h4 h5 22. Ng1 Nd4 23. Nce2 Bg4 24. Nc1 Kb7 25. Nh3 Bd6 26. c3 Ne6 27. d4 Bxh3 28. Rxh3 cxd4 29. cxd4 Bf4 30. d5 Bxe3 31. Rxe3 Nc5 32. Nb3 Nxb3 33. axb3 Qe5 34. dxc6+ Kxc6 35. Rc3+ Kb7 36. Rfc1 Rc8 37. Qf3 Rxc3 38. Rxc3 Rd8 39. Ka2 Qa5+ 40. Kb1 Qe5 41. Ka2 Qa5+ 1/2-1/2

[Event "Wch U20 59th"]
[Site "Cala Gonone"]
[Date "2022.10.22"]
[Round "11"]
[White "Dauw, Sterre"]
[Black "Hercegovac, Neven"]
[Result "0-1"]
[WhiteElo "2287"]
[BlackElo "2175"]
[PlyCount "66"]
[EventDate "2022.10.12"]
[EventType "swiss"]
[EventRounds "11"]
[EventCountry "ITA"]
[SourceTitle "CBM 210 Extra"]
[Source "ChessBase"]
[SourceDate "2022.11.30"]
[SourceVersion "1"]
[SourceVersionDate "2022.11.30"]
[SourceQuality "1"]

1. d4 Nf6 2. c4 g6 3. Nc3 Bg7 4. e4 d6 5. Be2 0-0 6. Nf3 e5 7. 0-0 exd4 8. Nxd4 Re8 9. f3 c6 10. g4 Qb6 11. Be3 Qxb2 12. Qd3 Na6 13. Rab1 Qa3 14. Qd2 Qa5 15. g5 Nd7 16. f4 Nac5 17. Bf3 Nb6 18. Rbc1 Nxc4 19. Qe2 Nxe3 20. Qxe3 Bh3 21. Rf2 Rad8 22. f5 Bxf5 23. Nxf5 gxf5 24. Bh5 Nxe4 25. Bxf7+ Kxf7 26. Nxe4 Kg6 27. h4 Rxe4 28. h5+ Kxh5 29. Qh3+ Kg6 30. Rcf1 Rg4+ 31. Kh1 Qd5+ 32. Rf3 Qe4 33. a4 Rh4 0-1

[Event "Wch U20 59th"]
[Site "Cala Gonone"]
[Date "2022.10.21"]
[Round "10"]
[White "Stolyarsky, Yegor"]
[Black "Dauw, Sterre"]
[Result "0-1"]
[WhiteElo "1987"]
[BlackElo "2287"]
[PlyCount "64"]
[EventDate "2022.10.12"]
[EventType "swiss"]
[EventRounds "11"]
[EventCountry "ITA"]
[SourceTitle "CBM 210 Extra"]
[Source "ChessBase"]
[SourceDate "2022.11.30"]
[SourceVersion "1"]
[SourceVersionDate "2022.11.30"]
[SourceQuality "1"]

1. d4 Nf6 2. c4 e6 3. Nf3 d5 4. g3 Bb4+ 5. Bd2 Be7 6. Bg2 0-0 7. 0-0 Nbd7 8. Qc2 c6 9. Bf4 b6 10. Rd1 a5 11. Ne5 Nxe5 12. dxe5 Nd7 13. cxd5 cxd5 14. e4 d4 15. Rxd4 Bc5 16. Rd1 g5 17. Bc1 Qe7 18. Qd2 h6 19. h4 Nxe5 20. hxg5 Ng4 21. Rf1 Ba6 22. Qd1 h5 23. Bh3 Rad8 24. Bd2 Qc7 25. Kh1 Bxf1 26. Bxg4 hxg4 27. Qxf1 Qe5 28. Qe1 Qxb2 29. Bc3 Qxf2 30. Qxf2 Bxf2 31. Kg2 Bd4 32. a4 Bxc3 0-1

[Event "Wch U20 59th"]
[Site "Cala Gonone"]
[Date "2022.10.19"]
[Round "8"]
[White "Gatineau, Yovann"]
[Black "Dauw, Sterre"]
[Result "1-0"]
[WhiteElo "2375"]
[BlackElo "2287"]
[PlyCount "87"]
[EventDate "2022.10.12"]
[EventType "swiss"]
[EventRounds "11"]
[EventCountry "ITA"]
[SourceTitle "CBM 210 Extra"]
[Source "ChessBase"]
[SourceDate "2022.11.30"]
[SourceVersion "1"]
[SourceVersionDate "2022.11.30"]
[SourceQuality "1"]

1. d4 Nf6 2. c4 e6 3. Nf3 d5 4. g3 Bb4+ 5. Bd2 Be7 6. Bg2 0-0 7. 0-0 c6 8. Qc2 Nbd7 9. Bf4 b6 10. Nbd2 Bb7 11. Rfd1 Nh5 12. cxd5 Nxf4 13. gxf4 cxd5 14. Rac1 a5 15. e3 a4 16. f5 a3 17. b3 Bd6 18. Nf1 g6 19. fxe6 fxe6 20. b4 Qe7 21. b5 Rf7 22. Qe2 Raf8 23. Rc2 g5 24. Ne1 Qf6 25. Qh5 Rg7 26. Qg4 Qf7 27. Nd3 h5 28. Qe2 Qg6 29. Re1 Nf6 30. Nd2 Ne4 31. Nf3 Qf5 32. Nfe5 g4 33. Rf1 Ng5 34. f4 gxf3 35. Nxf3 Nxf3+ 36. Kh1 Qg6 37. Bxf3 Rxf3 38. Qxf3 Qxd3 39. Rg2 Rxg2 40. Qf7+ Kh8 41. Kxg2 Qe4+ 42. Rf3 h4 43. Kh3 Qh7 44. Qxh7+ 1-0

[Event "Wch U20 59th"]
[Site "Cala Gonone"]
[Date "2022.10.12"]
[Round "1"]
[White "Dauw, Sterre"]
[Black "Kacharava, Nikoloz"]
[Result "0-1"]
[WhiteElo "2287"]
[BlackElo "2512"]
[PlyCount "60"]
[EventDate "2022.10.12"]
[EventType "swiss"]
[EventRounds "11"]
[EventCountry "ITA"]
[SourceTitle "CBM 210 Extra"]
[Source "ChessBase"]
[SourceDate "2022.11.30"]
[SourceVersion "1"]
[SourceVersionDate "2022.11.30"]
[SourceQuality "1"]

1. d4 d5 2. c4 e6 3. Nf3 Nf6 4. Nc3 c6 5. g3 dxc4 6. Bg2 b5 7. 0-0 Bb7 8. Ne5 a6 9. a4 Be7 10. axb5 axb5 11. Rxa8 Bxa8 12. Nxb5 cxb5 13. Bxa8 0-0 14. Bg2 Bd6 15. Bf4 Nd5 16. Bd2 Bxe5 17. dxe5 Nc6 18. e4 Ndb4 19. h4 Nd3 20. Bg5 Qd4 21. b3 Ra8 22. Be3 Qb2 23. bxc4 bxc4 24. h5 h6 25. g4 Ncxe5 26. g5 c3 27. Bc1 Qxc1 28. Qxc1 Nxc1 29. Rxc1 Rc8 30. Bf1 hxg5 0-1

[Event "Ghent op 43rd"]
[Site "Ghent"]
[Date "2022.07.21"]
[Round "4"]
[White "Feelders, Ad"]
[Black "Dauw, Sterre"]
[Result "0-1"]
[WhiteElo "2016"]
[BlackElo "2287"]
[PlyCount "108"]
[EventDate "2022.07.20"]
[EventType "swiss"]
[EventRounds "9"]
[EventCountry "BEL"]
[SourceTitle "CBM 209 Extra"]
[Source "ChessBase"]
[SourceDate "2022.09.30"]
[SourceVersion "1"]
[SourceVersionDate "2022.09.30"]
[SourceQuality "1"]

1. e4 c5 2. c3 e6 3. d4 d5 4. e5 Nc6 5. Nf3 Qb6 6. a3 c4 7. Nbd2 Na5 8. Be2 Bd7 9. 0-0 Ne7 10. Re1 Qc7 11. Rb1 Nc8 12. Nf1 Nb6 13. Bf4 Nb3 14. Ng3 0-0-0 15. Nh5 Ba4 16. Bf1 Nd7 17. Qe2 g6 18. Ng3 h6 19. h4 Be7 20. Qe3 Bf8 21. Be2 b5 22. Bd1 a5 23. Re2 Nb8 24. Nf1 Nc6 25. N1d2 Ne7 26. Nxb3 Bxb3 27. Bxb3 cxb3 28. Nd2 a4 29. Qd3 Qc6 30. g3 Nf5 31. Kg2 Be7 32. Ree1 Kb7 33. Rh1 Ka6 34. Rbe1 g5 35. hxg5 hxg5 36. Be3 Qe8 37. Rxh8 Qxh8 38. Rh1 Qg8 39. f3 g4 40. f4 Qg6 41. Qe2 Nxe3+ 42. Qxe3 Qc2 43. Rb1 Rh8 44. Qe2 Rh3 45. Qd1 Qd3 46. Qxg4 Rh8 47. Qd1 Qh7 48. Nf3 Qh3+ 49. Kf2 Rg8 50. Qg1 Qf5 51. Re1 Bxa3 52. bxa3 b2 53. Nd2 Qc2 54. Ke2 Rc8 0-1

[Event "Ghent op 43rd"]
[Site "Ghent"]
[Date "2022.07.20"]
[Round "1"]
[White "Dauw, Sterre"]
[Black "Devolder, Pieter"]
[Result "1-0"]
[WhiteElo "2287"]
[BlackElo "1786"]
[PlyCount "73"]
[EventDate "2022.07.20"]
[EventType "swiss"]
[EventRounds "9"]
[EventCountry "BEL"]
[SourceTitle "CBM 209 Extra"]
[Source "ChessBase"]
[SourceDate "2022.09.30"]
[SourceVersion "1"]
[SourceVersionDate "2022.09.30"]
[SourceQuality "1"]

1. e4 d5 2. exd5 Nf6 3. Bb5+ Bd7 4. Bc4 c6 5. Nc3 Bg4 6. f3 Bf5 7. dxc6 Nxc6 8. Nge2 e6 9. d4 Bb4 10. 0-0 0-0 11. Be3 Rc8 12. Bd3 Bxd3 13. Qxd3 Ba5 14. a3 Re8 15. Rfd1 a6 16. Ne4 Nxe4 17. fxe4 Ne7 18. b4 Bc7 19. c4 Ng6 20. Rac1 Qh4 21. g3 Qg4 22. e5 Rcd8 23. Qc2 h5 24. Nf4 Nh4 25. Qe2 Qxe2 26. Nxe2 Nf5 27. Bf2 g6 28. Kg2 Kg7 29. h3 f6 30. exf6+ Kxf6 31. g4 hxg4 32. hxg4 Ne7 33. Nc3 g5 34. Ne4+ Kg6 35. Nc5 Bf4 36. Rb1 e5 37. Nxb7 1-0

[Event "Leuven op"]
[Site "Leuven"]
[Date "2019.11.09"]
[Round "2"]
[White "Foulon, Steven"]
[Black "Dauw, Sterre"]
[Result "0-1"]
[WhiteElo "1944"]
[BlackElo "2204"]
[PlyCount "116"]
[EventDate "2019.11.08"]
[EventType "swiss"]
[EventRounds "7"]
[EventCountry "BEL"]
[SourceTitle "CBM 193 Extra"]
[Source "ChessBase"]
[SourceDate "2020.01.31"]
[SourceVersion "1"]
[SourceVersionDate "2020.01.31"]
[SourceQuality "1"]

1. e4 d6 2. Nf3 Nf6 3. Nc3 g6 4. Bc4 Bg7 5. 0-0 Nxe4 6. Bxf7+ Kxf7 7. Nxe4 Re8 8. Nfg5+ Kg8 9. Qf3 Rf8 10. Qb3+ d5 11. Nc5 Qd6 12. Nce4 Qc6 13. d4 e6 14. Nc5 b6 15. Nd3 Bxd4 16. Bf4 Nd7 17. Nb4 Qb7 18. Nxe6 Nc5 19. Nxc5 bxc5 20. Qxd5+ Qxd5 21. Nxd5 Bb7 22. Nxc7 Rxf4 23. Nxa8 Bxa8 24. c3 Bf6 25. Rad1 Re4 26. Rd6 Kf7 27. Rd7+ Re7 28. Rfd1 Bc6 29. R7d6 Be4 30. f3 Bc2 31. R1d2 Bb1 32. Ra6 c4 33. g3 Bd3 34. Kf2 Be5 35. Rc6 Bc7 36. Kg2 Bb6 37. b3 Re1 38. Rxb6 axb6 39. Kf2 Rc1 40. Ke3 Rxc3 41. Kd4 Rc1 42. bxc4 Bxc4 43. Ke5 Ke7 44. a4 Rb1 45. Rd4 Rb4 46. Rh4 h5 47. g4 Bf7 48. Rh3 hxg4 49. fxg4 Rxg4 50. Ra3 Rg5+ 51. Kf4 Rf5+ 52. Kg4 Kd6 53. h4 Kc5 54. Rc3+ Kb4 55. Rc7 Bd5 56. Rg7 Bf3+ 57. Kg3 Bh5 58. Rb7 Rf6 0-1

[Event "Brasschaat op 19th"]
[Site "Brasschaat"]
[Date "2019.08.17"]
[Round "1"]
[White "Szoke, Harry"]
[Black "Dauw, Sterre"]
[Result "0-1"]
[WhiteElo "1655"]
[BlackElo "2148"]
[PlyCount "78"]
[EventDate "2019.08.17"]
[EventType "swiss"]
[EventRounds "9"]
[EventCountry "BEL"]
[SourceTitle "EXT 2020"]
[Source "ChessBase"]
[SourceDate "2019.10.17"]
[SourceVersion "1"]
[SourceVersionDate "2019.10.17"]
[SourceQuality "1"]

1. e4 d6 2. Nf3 Nf6 3. d3 c5 4. Be2 Nc6 5. c3 g6 6. Nbd2 Bg7 7. Nf1 0-0 8. Ne3 b5 9. Qc2 Ne8 10. 0-0 b4 11. Bd2 bxc3 12. Bxc3 Nd4 13. Bxd4 cxd4 14. Nc4 Bb7 15. Qa4 a5 16. Rfc1 d5 17. exd5 Nf6 18. Nce5 Nxd5 19. Qxd4 Qd6 20. Nc4 Qb8 21. Qh4 Nf4 22. Bf1 Bxf3 23. gxf3 Bf6 24. Qg3 Rd8 25. Rc2 h5 26. Re1 h4 27. Qg4 Rd5 28. Kh1 Nxd3 29. Bxd3 Rxd3 30. Qe4 Qd8 31. Ne3 Rb8 32. b3 Kg7 33. Rc5 Rd2 34. Rd5 Rxd5 35. Nxd5 h3 36. Nxf6 exf6 37. Qc2 Rc8 38. Qe2 Qd5 39. Qe3 Re8 0-1

[Event "Bruges Masters"]
[Site "Bruges"]
[Date "2019.08.15"]
[Round "9"]
[White "Dauw, Sterre"]
[Black "Bekker, Stefan"]
[Result "0-1"]
[WhiteElo "2148"]
[BlackElo "2272"]
[PlyCount "104"]
[EventDate "2019.08.11"]
[EventType "swiss"]
[EventRounds "9"]
[EventCountry "BEL"]
[SourceTitle "CBM 191 Extra"]
[Source "ChessBase"]
[SourceDate "2019.09.30"]
[SourceVersion "1"]
[SourceVersionDate "2019.09.30"]
[SourceQuality "1"]

1. e3 Nf6 2. c4 g6 3. Nc3 Bg7 4. a3 d6 5. b4 a5 6. Bb2 0-0 7. Nf3 axb4 8. axb4 Rxa1 9. Qxa1 Na6 10. b5 Nc5 11. d4 Nce4 12. Bd3 Nxc3 13. Bxc3 Bg4 14. Nd2 e5 15. 0-0 exd4 16. Bxd4 Re8 17. h3 Bd7 18. Ne4 Re6 19. Ng5 Re8 20. Ne4 Nxe4 21. Bxg7 f5 22. Bb2 Qa8 23. Qd1 Qa2 24. Qc2 Qa5 25. Ra1 Qb4 26. Kf1 Nc5 27. Bc3 Qb3 28. Qxb3 Nxb3 29. Ra7 Nc5 30. Be2 Be6 31. Ba5 b6 32. Bc3 Rc8 33. f3 Nd7 34. Kf2 Ne5 35. Bxe5 dxe5 36. f4 e4 37. Ke1 Kf8 38. Kd2 Ke7 39. c5 bxc5 40. b6 Kd6 41. Ba6 Rb8 42. bxc7 Rh8 43. Kc3 Kc6 44. c8Q+ Bxc8 45. Ra8 Kc7 46. Rxc8+ Rxc8 47. Bxc8 Kxc8 48. Kc4 Kb7 49. Kxc5 Ka6 50. g4 h6 51. g5 hxg5 52. fxg5 f4 0-1

[Event "Bruges Masters"]
[Site "Bruges"]
[Date "2019.08.13"]
[Round "5"]
[White "Dauw, Sterre"]
[Black "Dgebuadze, Alexandre"]
[Result "0-1"]
[WhiteElo "2148"]
[BlackElo "2490"]
[PlyCount "44"]
[EventDate "2019.08.11"]
[EventType "swiss"]
[EventRounds "9"]
[EventCountry "BEL"]
[SourceTitle "CBM 191 Extra"]
[Source "ChessBase"]
[SourceDate "2019.09.30"]
[SourceVersion "1"]
[SourceVersionDate "2019.09.30"]
[SourceQuality "1"]

1. e4 c5 2. Nf3 d6 3. d4 cxd4 4. Nxd4 Nf6 5. Nc3 g6 6. Be3 Bg7 7. f3 Nc6 8. Qd2 0-0 9. g4 Be6 10. Nxe6 fxe6 11. 0-0-0 Ne5 12. Be2 Rc8 13. h4 Qa5 14. h5 b5 15. hxg6 b4 16. gxh7+ Nxh7 17. Nb1 Nxf3 18. Bxf3 Rxf3 19. Bd4 e5 20. Be3 Qxa2 21. Qh2 Nf8 22. Bh6 Rb3 0-1